[Event "Tunja Boyacense op"]
[Site "Tunja"]
[Date "2018.12.15"]
[Round "4"]
[White "Rodriguez Rodriguez, Alberto"]
[Black "Castillo Barajas, Jonhatan"]
[Result "0-1"]
[WhiteElo "1600"]
[BlackElo "1829"]
[PlyCount "60"]
[EventDate "2018.12.13"]
[EventType "swiss"]
[EventRounds "7"]
[EventCountry "COL"]
[SourceTitle "CBM 187 Extra"]
[Source "ChessBase"]
[SourceDate "2018.11.04"]
[SourceVersion "1"]
[SourceVersionDate "2018.11.04"]
[SourceQuality "1"]

1. e4 c5 2. f4 d5 3. e5 Nc6 4. Nf3 e6 5. c3 Qb6 6. d4 Nge7 7. Bd3 cxd4 8. cxd4 Bd7 9. Nc3 Nb4 10. a4 Nxd3+ 11. Qxd3 a6 12. 0-0 Rc8 13. Bd2 Nc6 14. a5 Qd8 15. f5 Nb4 16. Qb1 exf5 17. Ng5 g6 18. g4 Qe7 19. gxf5 Bxf5 20. Rxf5 gxf5 21. Qxf5 Rc6 22. Rf1 Rg8 23. Kh1 Bh6 24. Nce4 dxe4 25. Bxb4 Rxg5 26. Qxh7 Qxb4 27. e6 fxe6 28. Qxh6 Qe7 29. h4 Rg7 30. Qh5+ Kd8 0-1

[Event "Tunja Boyacense op"]
[Site "Tunja"]
[Date "2018.12.13"]
[Round "1"]
[White "Campos Gomez, Manuel"]
[Black "Rodriguez Rodriguez, Alberto"]
[Result "1-0"]
[WhiteElo "1891"]
[BlackElo "1600"]
[PlyCount "42"]
[EventDate "2018.12.13"]
[EventType "swiss"]
[EventRounds "7"]
[EventCountry "COL"]
[SourceTitle "CBM 187 Extra"]
[Source "ChessBase"]
[SourceDate "2018.11.04"]
[SourceVersion "1"]
[SourceVersionDate "2018.11.04"]
[SourceQuality "1"]

1. e4 d6 2. d4 g6 3. c4 Bg7 4. Nc3 a6 5. Nf3 Nf6 6. Be2 0-0 7. 0-0 Nc6 8. h3 Bd7 9. Be3 Rc8 10. Qd2 e6 11. Rfd1 d5 12. e5 Ne4 13. Nxe4 dxe4 14. Ng5 Ne7 15. Nxe4 Bc6 16. Bf3 f6 17. exf6 Bxe4 18. fxe7 Qxe7 19. Bxe4 Rcd8 20. Bg5 Bf6 21. Bxf6 Rxf6 1-0